• 首页
  • 本馆介绍
  • 公告通知
  • 最新文献
  • 馆藏检索
  • 电子资源
  • 读者导购
  • 参考咨询
  • 我的图书馆
  • 登录
  • 详细信息显示
  • 放入我的书架
  • 预约/预借图书
  • 作者相关作品
  • 分类相关作品
  • 丛书相关作品
  • 出版社相关作品

书目信息

  • 表格格式
  • 工作单格式
  • 卡片格式
题名:
花境赏析
    
 
作者: 成海钟 主编 ;中国园艺学会 主编
分册: 2020  
出版信息: 北京   中国林业出版社  2020.06
页数: 224页
开本: 29cm
丛书名:
单 册:
中图分类: S688.3
科图分类:
主题词: 园林植物--yuan lin zhi wu--花境--设计
电子资源:
ISBN: 978-7-5219-0517-5
000 00914nam0 2200241 450
001 2059000262
005 20201125163806.20
010    @a978-7-5219-0517-5@dCNY98.00
100    @a20200928d2020 em y0chiy50 ea
101 0  @achi
102    @aCN@b110000
105    @aa z 000yy
106    @ar
200 1  @a花境赏析@9hua jing shang xi@h2020@f中国园艺学会球宿根花卉分会, 成海钟主编
210    @a北京@c中国林业出版社@d2020.06
215    @a224页@c图,照片@d29cm
330    @a本书选取了第三届中国花境竞赛的参赛获奖作品44个,每个作品都说明了花境的设计构思、平面图、效果图、春夏秋三季实景图,以及所涉及的植物材料和每个季节的养护台账。
606 0  @a园林植物@9yuan lin zhi wu@x花境@x设计
690    @aS688.3@v5
701  0 @a成海钟@9cheng hai zhong@4主编@f(1954-)
712 02 @a中国园艺学会@9zhong guo yuan yi xue hui@4主编@b球宿根花卉分会
801  0 @aCN@bBJSZM@c20201125
905    @b1246451-3@dS688.3@e660(2020)@f3
    
    花境赏析.2020/中国园艺学会球宿根花卉分会, 成海钟主编.-北京:中国林业出版社,2020.06
    224页:图,照片;29cm
    
    
    ISBN 978-7-5219-0517-5:CNY98.00
    本书选取了第三届中国花境竞赛的参赛获奖作品44个,每个作品都说明了花境的设计构思、平面图、效果图、春夏秋三季实景图,以及所涉及的植物材料和每个季节的养护台账。
●
相关链接 在E读中查询图书 在五车中查询图书 在当当中查询图书 在豆瓣中查询图书


正题名:花境赏析     索取号:S688.3/660(2020)         预约/预借

序号 登录号 条形码 馆藏地/架位号 状态 备注
1 1246451   212464518   第二样本阅览室/ [索取号:S688.3/660(2020)] 在馆    
2 1246452   212464527   第三借阅区/ [索取号:S688.3/660(2020)] 在馆    
3 1246453   212464536   第三借阅区/ [索取号:S688.3/660(2020)] 在馆    
唐山师范学院图书馆 欢迎您!
大连网信软件有限公司© 版权所有